000 01409cam a22003131i 4500
003 SA-RiAUC
005 20240930143801.0
008 240923s1998 su g 000 0 ara c
040 _aJO-IrJUST
_bara
_cSA-RiAUC
_erda
043 _aa-su---
082 0 4 _a953.122
_qSA-RiAUC
090 _a953.122
_b ر ز ق
100 1 _aالرزقي، محمد الطاهر،
_d1933-
_eمؤلف.
245 1 0 _aقراءات في مجتمع المدينة المنورة من خلال الموطأ /
_cتأليف محمد الطاهر الرزقي.
250 _aالطبعة الأولى.
264 1 _aالرياض :
_bمكتبة الرشد للنشر والتوزيع
_c1998
300 _a187 صفحة ؛
_c24 سم
336 _aنص
_btxt
_2rdacontent
_3كتاب
337 _aبدون وسيط
_bn
_2rdamedia
338 _aمجلد
_bnc
_2rdacarrier
650 7 _aالحديث
_xمسند ابن مالك
_2aucsh
650 7 _aالحديث
_xأحكام
_2aucsh
650 7 _aالحديث
_xجمع وتدوين
_2aucsh
651 7 _aالمدينة المنورة
_xأحوال اجتماعية
_2aucsh
651 7 _aالمدينة المنورة
_xتاريخ
_yعصر صدر الإسلام، 13 قبل الهجرة-41 هجري
_2aucsh
700 1 2 _iشرح لـ (عمل) :
_aالإمام مالك، مالك بن أنس بن مالك،
_d93-179 هجري
942 _2ddc
_cBOOK
_n0
949 _aSA-JeALM
_d240923
_umohamedma123
_n1
999 _c708
_d708